Týrané dieťa /

Hlavní autor: Vlčková, Mária
Korporativní autor: Univerzita Komenského v Bratislave
Jazyk: Slovenština
Vydáno: Bratislava : Vydavateľstvo UK, 2001
Vydání: 1. vyd.
Témata:
Fyzický popis: 171 s. : il. ; 21 cm
Knihy
Uloženo v:
LEADER 01203nam a2200325 a 4500
001 000582696
003 CZ BrMZK
005 20251007134307.0
007 ta
008 020107s2001 xo e p 000 0 slo d
020 |a 80-223-1574-5 
040 |a BOA001  |b cze 
072 7 |a 364  |x Sociální problémy vyžadující podporu a pomoc. Sociální zabezpečení  |2 Konspekt  |9 18 
072 7 |a 37.016  |x Učební osnovy. Vyučovací předměty. Učebnice  |2 Konspekt  |9 22 
080 |a 364.63-053.2  |2 MRF 
080 |a (075.8)  |2 MRF 
100 1 |a Vlčková, Mária  |4 aut 
245 1 0 |a Týrané dieťa /  |c Mária Vlčková 
250 |a 1. vyd. 
260 |a Bratislava :  |b Vydavateľstvo UK,  |c 2001 
300 |a 171 s. :  |b il. ;  |c 21 cm 
504 |a Obsahuje bibliografii 
541 |a Bratislava, Centrum vedecko-technických informácií SR 
550 |a Vydavatel: Univerzita Komenského 
650 0 7 |a týrané děti  |7 ph116519  |2 czenas 
655 7 |a učebnice vysokých škol  |7 fd133772  |2 czenas 
710 2 |a Univerzita Komenského v Bratislave  |7 kn20010710050 
910 |a BOA001  |b 2-1096.534 
990 |a BK 
996 7 |b 2610150903  |c 2-1096.534  |l MZK  |r Sklad / do 1 hodiny  |n 16  |p vým  |w 000582696  |u 000010  |a 1  |e BOA001  |j MZK50  |s A